| 000 | 01090cam a2200313 a 4500 | ||
|---|---|---|---|
| 001 | 17346840 | ||
| 005 | 20170105102905.0 | ||
| 008 | 120614s2013 nyub b 001 0 eng | ||
| 010 | _a 2012022074 | ||
| 020 | _a9780415565264 (hardback) | ||
| 020 | _a9780203861691 (ebook) | ||
| 040 |
_aDLC _cDLC |
||
| 042 | _apcc | ||
| 043 | _aa-pk--- | ||
| 050 | 0 | 0 |
_aHV6433.P18 _bM87 2013 |
| 082 | 0 | 0 |
_a363.325095491 _223 |
| 100 | 1 | _aMurphy, Eamon. | |
| 245 | 1 | 4 |
_aThe making of terrorism in Pakistan : _bhistorical and social roots of extremism / _cEamon Murphy. |
| 260 |
_aNew York : _bRoutledge, _c2013. |
||
| 300 |
_axiii, 218 p. ; _bmaps ; _c25 cm. |
||
| 490 | 0 | _aCritical terrorism studies | |
| 504 | _aIncludes bibliographical references (p. [197]-210) and index. | ||
| 650 | 0 |
_aTerrorism _zPakistan. |
|
| 650 | 0 |
_aIslam and politics _zPakistan. |
|
| 651 | 0 |
_aPakistan _xPolitics and government. |
|
| 906 |
_a7 _bcbc _corignew _d1 _eecip _f20 _gy-gencatlg |
||
| 942 |
_2ddc _cBK |
||
| 999 |
_c14851 _d14851 |
||